De los muchos sucesos dignos de memoria que han ocurrido en Barcelona y otros lugares de Cataluña : (Record no. 161425)

MARC details
000 -LEADER
campo de control de longitud fija 02215nam a2200301 i 4500
001 - NÚMERO DE CONTROL
campo de control 161425
003 - IDENTIFICADOR DE NÚMERO DE CONTROL
campo de control ES-MaACL
005 - FECHA Y HORA DE LA ÚLTIMA TRANSACCIÓN
campo de control 20250820063050.0
008 - DATOS DE LONGITUD FIJA--INFORMACIÓN GENERAL
campo de control de longitud fija 950103m18881893sp |||| | spa d
100 1# - ENTRADA PRINCIPAL--NOMBRE DE PERSONA
Nombre de persona Parets, Miquel,
Fechas asociadas al nombre 1610-1661
9 (RLIN) 173175
245 10 - MENCIÓN DEL TÍTULO
Título De los muchos sucesos dignos de memoria que han ocurrido en Barcelona y otros lugares de Cataluña :
Resto del título entre los años de 1626 a 1660 /
Mención de responsabilidad, etc. crónica escrita por Miguel Parets.
260 ## - PUBLICACIÓN, DISTRIBUCIÓN, ETC.
Lugar de publicación, distribución, etc. Madrid :
Nombre del editor, distribuidor, etc. [Real Academia de la Historia],
Fecha de publicación, distribución, etc. 1888-1893 (
Fabricante Imp. y Fundición de Manuel Tello)
300 ## - DESCRIPCIÓN FÍSICA
Extensión 6 v. ;
Dimensiones 23 cm.
490 1# - MENCIÓN DE SERIE
Mención de serie Memorial histórico español: colección de documentos, opúsculos y antigüedades que publica la Real Academia de la Historia ;
Designación de volumen o secuencia 20-25
505 8# - NOTA DE CONTENIDO CON FORMATO
Nota de contenido con formato Contiene: I. Comprende desde el 26 de marzo de 1626 hasta el 23 de julio de 1640 - II. Comprende desde el 23 de julio de 1640 hasta los primeros días de diciembre de dicho año - III. Comprende desde el 1º de diciembre de 1640 hasta los primeros días de abril de 1641 - IV. Comprende desde los últimos días de marzo de 1641 hasta noviembre del mismo año - V. Comprende desde noviembre de 1641 hasta junio de 1652 - VI. Comprende desde junio de 1652 hasta 21 de febrero de 1660.
530 ## - NOTA DISPONIBLE DE FORMULARIO FÍSICO ADICIONAL
Nota de formato físico adicional disponible Parcialmente disponible en formato digital.
597 ## - NOTA DE DESCRIPCIÓN FÍSICA
NOTA DE DESCRIPCIÓN FÍSICA I (XXVII, 440 p., [1] h. pleg. de lám.) - II (XXIX, 494 p.) - III (XXX, 482 p.) - IV (XI, 559 p.) - V (VII, 488 p.) - VI (VIII, 829 p.)
651 #4 - PUNTO DE ACCESO ADICIONAL DE MATERIA--NOMBRE GEOGRÁFICO
Nombre geográfico Cataluña-
Subdivisión general Historia-
Subdivisión cronológica 1640-1652, Revolución.
9 (RLIN) 154097
651 #4 - PUNTO DE ACCESO ADICIONAL DE MATERIA--NOMBRE GEOGRÁFICO
Nombre geográfico Cataluña-
Subdivisión general Historia-
Subdivisión cronológica S.XVII.
9 (RLIN) 164800
710 2# - ENTRADA AGREGADA--NOMBRE DE ENTIDAD CORPORATIVA
Nombre de entidad corporativa o nombre de jurisdicción como elemento de entrada Real Academia de la Historia (España)
9 (RLIN) 6309
830 00 - PUNTO DE ACCESO ADICIONAL DE SERIE-TÍTULO UNIFORME
Título uniforme Memorial histórico español
Designación de volumen o secuencia 20-25
9 (RLIN) 187759
852 ## - LOCALIZACIÓN
Ubicación ES-MaACL
Número de control de estantería C-19325-30
Nota libre - Enc. hol.
856 ## - LOCALIZACIÓN Y ACCESO ELECTRÓNICOS
Identificador Uniforme de Recursos <a href="https://archive.org/details/delosmuchossuces20pare/page/n5/mode/2up">https://archive.org/details/delosmuchossuces20pare/page/n5/mode/2up</a>
Nota pública Internet Archive
-- (V. 1)
856 ## - LOCALIZACIÓN Y ACCESO ELECTRÓNICOS
Identificador Uniforme de Recursos <a href="https://archive.org/details/delosmuchossuces21pare/page/n7/mode/2up">https://archive.org/details/delosmuchossuces21pare/page/n7/mode/2up</a>
Nota pública Internet Archive
-- (V. 2)
856 ## - LOCALIZACIÓN Y ACCESO ELECTRÓNICOS
Identificador Uniforme de Recursos <a href="https://archive.org/details/delosmuchossuces24pare/page/n7/mode/2up">https://archive.org/details/delosmuchossuces24pare/page/n7/mode/2up</a>
Nota pública Internet Archive
-- (V. 5)
856 ## - LOCALIZACIÓN Y ACCESO ELECTRÓNICOS
Identificador Uniforme de Recursos <a href="https://archive.org/details/delosmuchossuces25pare/page/n7/mode/2up">https://archive.org/details/delosmuchossuces25pare/page/n7/mode/2up</a>
Nota pública Internet Archive
-- (V. 6)
Holdings
Estatus retirado Estado de pérdida Estado de daño No para préstamo Colección Biblioteca de origen Biblioteca actual Ubicación en estantería Fecha de adquisición Fuente de adquisición Total de préstamos Signatura topográfica completa Código de barras Visto por última vez Precio de reemplazo Tipo de ítem Koha
        Colección digital Biblioteca del Ateneo de Madrid Biblioteca del Ateneo de Madrid Mesetón 17/01/2008     C-19325-30 1169089 23/02/2023 23/02/2023 Libro impreso antiguo